<?xml version="1.0" encoding="UTF-8"?><?xml-stylesheet type="text/xsl" href="static/style.xsl"?><OAI-PMH xmlns="http://www.openarchives.org/OAI/2.0/" xmlns:xsi="http://www.w3.org/2001/XMLSchema-instance" xsi:schemaLocation="http://www.openarchives.org/OAI/2.0/ http://www.openarchives.org/OAI/2.0/OAI-PMH.xsd"><responseDate>2026-04-18T00:53:54Z</responseDate><request verb="GetRecord" identifier="oai:www.recercat.cat:10256/21750" metadataPrefix="marc">https://recercat.cat/oai/request</request><GetRecord><record><header><identifier>oai:recercat.cat:10256/21750</identifier><datestamp>2024-05-22T11:31:08Z</datestamp><setSpec>com_2072_452966</setSpec><setSpec>com_2072_2054</setSpec><setSpec>col_2072_452968</setSpec></header><metadata><record xmlns="http://www.loc.gov/MARC21/slim" xmlns:dcterms="http://purl.org/dc/terms/" xmlns:xsi="http://www.w3.org/2001/XMLSchema-instance" xmlns:doc="http://www.lyncode.com/xoai" xsi:schemaLocation="http://www.loc.gov/MARC21/slim http://www.loc.gov/standards/marcxml/schema/MARC21slim.xsd">
   <leader>00925njm 22002777a 4500</leader>
   <datafield ind2=" " ind1=" " tag="042">
      <subfield code="a">dc</subfield>
   </datafield>
   <datafield ind2=" " ind1=" " tag="720">
      <subfield code="a">Coll Hernández, Lídia</subfield>
      <subfield code="e">author</subfield>
   </datafield>
   <datafield ind2=" " ind1=" " tag="260">
      <subfield code="c">2022-09</subfield>
   </datafield>
   <datafield ind2=" " ind1=" " tag="520">
      <subfield code="a">The study of the metabolism of a lake ecosystem gives us an estimate of the state of the&#xd;
watershed. In this work, the metabolic rates of production and respiration in the Banyoles&#xd;
Lake were calculated during the annual cycle of 2021, with the aim of quantifying the&#xd;
metabolism of the lake, describing its trophic state and assessing its contribution into the&#xd;
carbon cycle. Sounding lines were placed in the lake to compile high-frequency oxygen,&#xd;
conductivity, and temperature data, which were collected once a month. Rates were&#xd;
calculated from the modification of Bayesian models applied to lentic water bodies.&#xd;
The average annual gross production and respiration is 0.171 and 0.186 mg O2 L-1 day-1,&#xd;
respectively. It is included in the classification of oligo-mesotrophic lakes due to the low&#xd;
concentration of nutrients and phytoplankton biomass, but compared to other systems,&#xd;
it has intermediate metabolic rates between oligotrophic and eutrophic lakes. It should&#xd;
be noted that calculation of the metabolism integrated in the whole water column (mg&#xd;
O2 m-2 day-1) can be underestimated, since the samples are collected only on the surface&#xd;
and light often can penetrate below the mixed layer, so that there is considerable primary&#xd;
production in deeper waters. The production pattern agreed with the model proposed&#xd;
by Legendre (1981), coinciding with an early spring peak of production. However, other&#xd;
high production values can appear during the annual cycle, attributable to external&#xd;
contributions of nutrients, coming from rainfall or the surroundings of the lake. The&#xd;
balance between production and respiration of the system is slightly negative, but given&#xd;
the standard deviation, we cannot conclude it is different from 0. Despite this, the lake&#xd;
certainly behaves more heterotrophically, as these methods do not estimate anaerobic&#xd;
respiration, important in deeper areas</subfield>
   </datafield>
   <datafield ind1="8" ind2=" " tag="024">
      <subfield code="a">http://hdl.handle.net/10256/21750</subfield>
   </datafield>
   <datafield tag="653" ind2=" " ind1=" ">
      <subfield code="a">Ecologia aquàtica  -- Catalunya -- Banyoles, Estany de</subfield>
   </datafield>
   <datafield tag="653" ind2=" " ind1=" ">
      <subfield code="a">Aquatic ecology -- Catalonia -- Lake of Banyoles</subfield>
   </datafield>
   <datafield tag="653" ind2=" " ind1=" ">
      <subfield code="a">Banyoles, Estany de (Catalunya) -- Aspectes ambientals</subfield>
   </datafield>
   <datafield tag="653" ind2=" " ind1=" ">
      <subfield code="a">Lake of Banyoles (Catalonia) -- Environmental aspects</subfield>
   </datafield>
   <datafield tag="653" ind2=" " ind1=" ">
      <subfield code="a">Cicle del carboni</subfield>
   </datafield>
   <datafield tag="653" ind2=" " ind1=" ">
      <subfield code="a">Carbon cycle (Biogeochemistry)</subfield>
   </datafield>
   <datafield ind2="0" ind1="0" tag="245">
      <subfield code="a">Metabolisme ecosistèmic de l'Estany de Banyoles</subfield>
   </datafield>
</record></metadata></record></GetRecord></OAI-PMH>